• 首页
  • 本馆介绍
  • 公告通知
  • 最新文献
  • 馆藏检索
  • 电子资源
  • 读者导购
  • 参考咨询
  • 我的图书馆
  • 登录
  • 详细信息显示
  • 放入我的书架
  • 预约/预借图书
  • 作者相关作品
  • 分类相关作品
  • 丛书相关作品
  • 出版社相关作品

书目信息

  • 表格格式
  • 工作单格式
  • 卡片格式
题名:
私家车选购·保养·维护快捷通688
    
 
作者: 孙余凯 , 吴鸣山 , 项绮明 编著
分册:  
出版信息: 北京   电子工业出版社  2013.06
页数: 465页
开本: 20cm
丛书名: 私家车保养·维修·驾驶·急救快捷通688
单 册:
中图分类: F766 , U47
科图分类:
主题词: 汽车--选购 , 汽车--车辆保养
电子资源:
ISBN: 978-7-121-20488-3
000 01567nam0 2200313 450
001 806
005 20160909102608.48
005 20140401131117
010    @a978-7-121-20488-3@b平装@dCNY39.80
100    @a20130711d2013 em y0chiy0110 ea
101 0  @achi
102    @aCN@b110000@2GB2260
105    @aak z 000yy
200 1  @a私家车选购·保养·维护快捷通688@f孙余凯,吴鸣山,项绮明等编著@9si jia che xuan gou bao yang wei hu kuai jie tong
210    @a北京@c电子工业出版社@d2013.06
215    @a465页@c图表@d20cm
225 2  @a私家车保养·维修·驾驶·急救快捷通688@9si jia che bao yang wei xiu jia shi ji jiu kuai jie tong
330    @a本书从读者的实际需要出发,系统全面地讲解了私家车(轿车、客车、货车等)的选购、保养与维护,以及与保养与维护有关的基础知识等问题。内容包括:了解私家车基本配置中常用新功能的作用与特点,新车的选购与试驾方法,二手车的选购与试驾方法,私家车保养与维护必须掌握的基本方法,私家车保养与维护时遇到的常见故障诊断与处理方法,如发动机及其电喷控制系统,电控悬架和底盘系统、自动变速器系统,制动与防抱死(ABS)、转向系统、空调制冷和暖风系统、电动控制装置与安全气囊、照明与灯光报警信号、仪表系统、防盗、防撞系统、点火系统、启动系统、供电系统等。
333    @a本书适合广大普通读者阅读。
410  0 @12001 @a私家车保养·维修·驾驶·急救快捷通688
606 0  @a汽车@x选购
606 0  @a汽车@x车辆保养
690    @aF766@v4
690    @aU47@v4
701  0 @a孙余凯@4编著@9sun yu kai
701  0 @a吴鸣山@4编著@9wu ming shan
701  0 @a项绮明@4编著@9xiang qi ming
801  0 @aCN@b唐山师范学院图书馆@c20160724
905    @aZUCC@dF766@e48
    
    私家车选购·保养·维护快捷通688/孙余凯,吴鸣山,项绮明等编著.-北京:电子工业出版社,2013.06
    465页:图表;20cm.-(私家车保养·维修·驾驶·急救快捷通688)
    使用对象:本书适合广大普通读者阅读。
    
    ISBN 978-7-121-20488-3(平装):CNY39.80
    本书从读者的实际需要出发,系统全面地讲解了私家车(轿车、客车、货车等)的选购、保养与维护,以及与保养与维护有关的基础知识等问题。内容包括:了解私家车基本配置中常用新功能的作用与特点,新车的选购与试驾方法,二手车的选购与试驾方法,私家车保养与维护必须掌握的基本方法,私家车保养与维护时遇到的常见故障诊断与处理方法,如发动机及其电喷控制系统,电控悬架和底盘系统、自动变速器系统,制动与防抱死(ABS)、转向系统、空调制冷和暖风系统、电动控制装置与安全气囊、照明与灯光报警信号、仪表系统、防盗、防撞系统、点火系统、启动系统、供电系统等。
●
相关链接 在E读中查询图书 在五车中查询图书 在当当中查询图书 在豆瓣中查询图书


正题名:私家车选购·保养·维护快捷通688     索取号:F766/48         预约/预借

序号 登录号 条形码 馆藏地/架位号 状态 备注
1 903532   209035328   第一样本阅览室/ [索取号:F766/48] 在馆    
2 903533   209035337   第一借阅区/ [索取号:F766/48] 在馆    
3 903534   209035346   第一借阅区/ [索取号:F766/48] 在馆    
4 903535   209035355   第一借阅区/ [索取号:F766/48] 在馆    
5 903536   209035364   第一借阅区/ [索取号:F766/48] 在馆    
唐山师范学院图书馆 欢迎您!
大连网信软件有限公司© 版权所有